Statistiques concernant Quiz sur le Suriname

Cliquez ici pour prendre le quiz!

Statistiques générales

  • Ce quiz a été pris 2 846 fois
  • Le résultat moyen est 11 sur 16

Statistiques - réponses

QuestionRéponse% Correct
Pays frontaliersBrésil
96%
Pays frontaliersGuyana
95%
Pays frontaliersFrance
89%
Religion la plus pratiquéeChristianisme
88%
Écosystème qui recouvre 90% du Suriname, soit plus que n'importe quel autre paysForêt
84%
Langue officielleNéerlandais
83%
27% des habitants du Suriname sont originaires de ce pays d'AsieInde
78%
Le Suriname et le Bhoutan sont les deux seuls pays qui absorbent
plus de ce gaz qu'ils n'en rejettent dans l'atmosphère
Dioxyde de Carbone
77%
Le Suriname est le quatrième pays le moins _____ du monde,
derrière la Mongolie, la Namibie et l'Australie
Densément peuplé
71%
Capitale et plus grande villeParamaribo
71%
Nom donné au Suriname pendant l'ère coloniale{Guyane} Néerlandaise
63%
Devise monétaireDollar
61%
Principal produit d'exportation durant cette périodeSucre
45%
En 1667, les Anglais ont cédé le Suriname aux Pays-Bas.
Quelle ville aujourd'hui majeure ont-ils reçu en retour ?
New York
44%
Fleuve sur lequel celle-ci se situeSuriname
32%
Terme désignant les descendants d'esclaves évadés, soit 22% de la populationM{arrons}
28%

Distribution des résultats

Percentile par nombre de réponses

% des personnes avec chaque résultat

Votre développement - résultats

Vous n’avez pas pris ce quiz